أثر مشاركة العاملين و إتخاذ القرارات و الدافعية على الأداء الإداري : دراسة حالة أمانة عمان الكبرى ، بحث مقدم لنيل درجة الدكتوراة في إدارة الأعمال عن الفترة 1999 - 2003 / (رقم التسجيلة. 110013)

تفاصيل مارك
000 -LEADER
fixed length control field 00750nam a22001457a 4500
005 - DATE AND TIME OF LATEST TRANSACTION
control field 20251108173704.0
008 - FIXED-LENGTH DATA ELEMENTS--GENERAL INFORMATION
fixed length control field 250721s2007 xx 000 0 ara d
100 1# - MAIN ENTRY--PERSONAL NAME
Personal name الكلالدة, طاهر محمود خلف
245 10 - TITLE STATEMENT
Title أثر مشاركة العاملين و إتخاذ القرارات و الدافعية على الأداء الإداري : دراسة حالة أمانة عمان الكبرى ، بحث مقدم لنيل درجة الدكتوراة في إدارة الأعمال عن الفترة 1999 - 2003 /
246 11 - VARYING FORM OF TITLE
Title proper/short title the impact of employees participation decision making and motivation on administrative performance
264 ## - PRODUCTION, PUBLICATION, DISTRIBUTION, MANUFACTURE, AND COPYRIGHT NOTICE
Date of production, publication, distribution, manufacture, or copyright notice 2007.
700 1# - ADDED ENTRY--PERSONAL NAME
Personal name حافظ, محمد حسن
Relator term مشرف
942 ## - ADDED ENTRY ELEMENTS (KOHA)
Source of classification or shelving scheme Dewey Decimal Classification
Koha item type كتب
المقتنيات
حالة السحب حالة الفقدان مصدر التصنيف حالة التلف غير قابل للإعارة المكتبة الرئيسية المكتبة الحالية موقع الرف تاريخ التزويد الرقم المتسلسل Total Checkouts الباركود تاريخ آخر ظهور تاريخ الفاتورة نوع المادة (كوها)
    Dewey Decimal Classification     مكتبة مرج الحمام مكتبة مرج الحمام الإعارة 28/07/2025 1145874   1145874 28/07/2025 28/07/2025 كتب
Implemented & Customized by: BBB with SCIT (Smart Chains for Information Technology)

Powered by Koha